[Event "Quebec op"]
[Site "Longueuil"]
[Date "2019.07.26"]
[Round "8"]
[White "Yan, Alex Jikai"]
[Black "Vignalou, Joseph"]
[Result "1/2-1/2"]
[WhiteElo "1417"]
[BlackElo "1732"]
[PlyCount "45"]
[EventDate "2019.07.20"]
[EventType "swiss"]
[EventRounds "9"]
[EventCountry "CAN"]
[SourceTitle "CBM 191 Extra"]
[Source "ChessBase"]
[SourceDate "2019.09.30"]
[SourceVersion "1"]
[SourceVersionDate "2019.09.30"]
[SourceQuality "1"]

1. e4 c5 2. Nf3 Nc6 3. d4 cxd4 4. Nxd4 Nf6 5. Nc3 d6 6. Bc4 e6 7. 0-0 Be7 8. Be3 0-0 9. Bb3 Bd7 10. a3 Na5 11. Ba2 Rc8 12. Qd3 a6 13. Rad1 b5 14. Rfe1 Nc4 15. Bxc4 bxc4 16. Qe2 Qa5 17. Qd2 Qh5 18. f3 Rfd8 19. Nde2 Bf8 20. Bb6 Re8 21. Ng3 Qh4 22. Be3 h6 23. Bf2 1/2-1/2

[Event "Montreal Mercredi 08"]
[Site "Montreal"]
[Date "2017.08.30"]
[Round "1"]
[White "Vignalou, Joseph"]
[Black "Autotte, Daniel"]
[Result "1-0"]
[WhiteElo "1805"]
[BlackElo "1729"]
[PlyCount "85"]
[EventDate "2017.08.30"]
[EventType "swiss"]
[EventRounds "5"]
[EventCountry "CAN"]
[SourceTitle "EXT 2022"]
[Source "ChessBase"]
[SourceDate "2021.10.06"]
[SourceVersion "1"]
[SourceVersionDate "2021.10.06"]
[SourceQuality "1"]

1. e4 c6 2. Nc3 d5 3. Nf3 dxe4 4. Nxe4 Nd7 5. d4 Ngf6 6. Bd3 Nxe4 7. Bxe4 Nf6 8. Bd3 e6 9. 0-0 Bd6 10. Qe2 0-0 11. Bg5 h6 12. Bh4 Qc7 13. Bxf6 gxf6 14. Rae1 b6 15. Ne5 fxe5 16. dxe5 Bxe5 17. Qxe5 Qxe5 18. Rxe5 Rd8 19. f4 Rd5 20. Be4 Rxe5 21. fxe5 Ba6 22. Rd1 Rc8 23. Rd7 Bc4 24. b3 Bd5 25. Bd3 c5 26. Rxa7 Ra8 27. Rxa8+ Bxa8 28. Kf2 f6 29. g3 fxe5 30. Ke3 Bc6 31. Be4 Bd7 32. a3 Kf7 33. c3 b5 34. Kd3 Ke7 35. g4 Kd6 36. h4 Be8 37. g5 hxg5 38. hxg5 Bh5 39. a4 bxa4 40. bxa4 Be8 41. g6 Ke7 42. g7 Kf7 43. Bg6+ 1-0

[Event "Laval op"]
[Site "Laval"]
[Date "2017.06.25"]
[Round "4"]
[White "Vignalou, Joseph"]
[Black "Prahov, Valentin Asenov"]
[Result "0-1"]
[WhiteElo "1861"]
[BlackElo "2131"]
[PlyCount "80"]
[EventDate "2017.06.23"]
[EventType "swiss"]
[EventRounds "5"]
[EventCountry "CAN"]
[SourceTitle "CBM 179 Extra"]
[Source "ChessBase"]
[SourceDate "2017.08.23"]
[SourceVersion "1"]
[SourceVersionDate "2017.08.23"]
[SourceQuality "1"]

1. e4 c5 2. Nf3 e6 3. d4 cxd4 4. Nxd4 Nf6 5. Nc3 Nc6 6. Nb3 Bb4 7. Bd3 d5 8. exd5 Nxd5 9. 0-0 Nxc3 10. bxc3 Bxc3 11. Ba3 Qf6 12. Bb5 Bxa1 13. Qd6 Bd7 14. Rxa1 0-0-0 15. Rb1 Qe5 16. Bxc6 Qxd6 17. Bxb7+ Kc7 18. Bxd6+ Kxd6 19. c4 Bc6 20. Na5 Ba4 21. Bf3 Rb8 22. Nb7+ Kc7 23. Kf1 Bc6 24. Ke2 Bxf3+ 25. Kxf3 Rxb7 26. Rb5 Rxb5 27. cxb5 Kb6 28. a4 Ka5 29. b6 axb6 30. Ke4 Kxa4 31. Ke3 b5 32. Ke4 b4 33. h3 b3 34. Kf3 b2 35. Kg3 b1Q 36. Kh2 h5 37. g3 h4 38. g4 Qf1 39. f3 Rd8 40. f4 Rd2# 0-1

[Event "Laval op"]
[Site "Laval"]
[Date "2017.06.24"]
[Round "2"]
[White "Vignalou, Joseph"]
[Black "Marchand, Jacques"]
[Result "0-1"]
[WhiteElo "1861"]
[BlackElo "1988"]
[PlyCount "36"]
[EventDate "2017.06.23"]
[EventType "swiss"]
[EventRounds "5"]
[EventCountry "CAN"]
[SourceTitle "CBM 179 Extra"]
[Source "ChessBase"]
[SourceDate "2017.08.23"]
[SourceVersion "1"]
[SourceVersionDate "2017.08.23"]
[SourceQuality "1"]

1. e4 e5 2. Nf3 Nc6 3. Bb5 f5 4. d4 fxe4 5. Nxe5 Nxe5 6. dxe5 c6 7. Bc4 Qa5+ 8. Nc3 Qxe5 9. Qe2 d5 10. f4 Qc7 11. Bb3 Nf6 12. Be3 Bd6 13. 0-0 0-0 14. h3 b5 15. Bd4 Kh8 16. Rad1 a5 17. a4 b4 18. Nb1 Ba6 0-1

[Event "Montreal CC-ch"]
[Site "Montreal"]
[Date "2017.06.11"]
[Round "5.5"]
[White "Huang, Qiuyu"]
[Black "Vignalou, Joseph"]
[Result "1-0"]
[WhiteElo "2251"]
[BlackElo "1861"]
[PlyCount "59"]
[EventDate "2017.06.09"]
[EventType "swiss"]
[EventRounds "5"]
[EventCountry "CAN"]
[SourceTitle "EXT 2022"]
[Source "ChessBase"]
[SourceDate "2021.10.06"]
[SourceVersion "1"]
[SourceVersionDate "2021.10.06"]
[SourceQuality "1"]

1. e4 c5 2. Nf3 d6 3. d4 cxd4 4. Nxd4 Nf6 5. Nc3 a6 6. Bg5 e6 7. f4 Be7 8. Qf3 Nbd7 9. 0-0-0 h6 10. Bh4 g5 11. fxg5 Ne5 12. gxf6 Nxf3 13. fxe7 Qa5 14. gxf3 Rg8 15. Bf6 Rg6 16. e5 Rxf6 17. exf6 Qg5+ 18. Kb1 Qxf6 19. Rg1 Kxe7 20. Bc4 Bd7 21. Rge1 Kf8 22. Ne4 Qf4 23. Nxd6 Qxd6 24. Nxe6+ Qxe6 25. Bxe6 Bxe6 26. Re3 Ke7 27. Rc3 Rc8 28. Rxc8 Bxc8 29. Rd4 Kf6 30. Kc1 1-0